000 01007nam a2200277 i 4500
003 DO-SdBNP
005 20250925092054.0
007 ta
008 231115e2021 |||aobc| |||| 00| 0 spa d
020 _a9789945924985
040 _aDO-SdBNP
_bspa
_cBNPHU
_erda
041 _aspa
082 4 _axxx
_bM386v
_222
245 1 0 _aVocabula barbara /
_cPedro Mártir de Anglería ; traducción y dibujos de, Cristian Martínez Villanueva.
264 4 _aSanto Domingo :
_bOcéano Azul Ediciones,
_c©2021.
300 _a178 páginas :
_bIlustraciones, fotografías, mapas, retratos :
_c25 cm.
336 _atexto
_btxt
_2rdacontent
337 _asin mediación
_bn
_2rdamedia
338 _avolumen
_bnc
_2rdacarrier
500 _aIncluye datos biográficos del autor en la solapa de la cubierta.
504 _aBibliografía : páginas 175 - 178
546 _aLibro en dos idiomas español y latín.
590 _aInventariado 2023 / MF
700 1 _aMartínez, Cristian,
_etraductor
_4tr.
_91853
942 _2ddc
_cLBS1
999 _c55499
_d55499